Valencias de los elementos (Real) - Estadísticas

Estadísticas generales
  • Esta prueba ha sido intentada 300 veces
  • La puntuación promedio es 17 de 51
Estadísticas de respuestas
Hint Respuesta % Correcto
Be 2
95%
Mg 2
95%
Ca 2
95%
Sr 2
95%
Ba 2
95%
Ra 2
95%
Fr 1
94%
Na 1
93%
K 1
93%
Rb 1
93%
Cs 1
93%
Li 1
92%
H 1,-1
81%
Fe 2,3
43%
Co 2,3
37%
Ni 2,3
35%
Zn 2
31%
Cu 1,2
28%
Ag 1
25%
Cd 2
23%
Al 3
23%
Hg 1,2
20%
Au 1,3
20%
Pd 2,4
20%
Ga 3
20%
In 3
19%
Tl 3
19%
Pt 2,4
18%
B 3,-3
18%
Cr 6
18%
O -2
12%
F -1
9%
Pb 2,4
9%
C 2,4,-4
9%
Mn 6,7
9%
Sn 2,4
8%
Ge 4
8%
Si 4,-4
8%
Cl 1,-1,3,5,7
4%
Br 1,-1,3,5,7
4%
I 1,-1,3,5,7
4%
At 1,-1,3,5,7
3%
S 2,-2,4,6
3%
P 3,-3,5
3%
As 3,-3,5
3%
Sb 3,-3,5
3%
Bi 3,5
3%
N 1,3,-3,5
2%
Se 2,-2,4,6
2%
Te 2,-2,4,6
2%
Po 2,-2,4,6
2%
No se encontraron pruebas coincidentes
Distribución de puntuación
Porcentaje de gente con cada puntuación
Porcentaje por número respondido
Historial de tus puntuaciones
No has intentado esta prueba.